000 00487nam a2200181Ia 4500
008 231221s9999 xx 000 0 und d
020 _a9790000000000
041 _aEnglish
082 _a001.6424UML RUM;11
100 _aRumbaugh, James. Jacobson, Ivan. Booch, Grady.
245 4 _aThe unified modeling language : reference manual
250 _a2nd ed.
260 _c2000
_bPearson
_aNew Delhi
300 _a739
300 _c54748
650 _aunified,modeling
942 _cCD
999 _c209779
_d209779